Trestnoprávna ochrana trhovej ekonomiky

Neoprávnené obchodovanie s devízovými hodnotami a poskytovanie devízových služieb. Nepovolená výroba liehu. Porušovanie predpisov o obehu tovaru v styku s cudzinou. Porušovanie predpisov o nakladaní s kontrolovaným tovarom a technológiami. Ohrozenie devízového hospodárstva.

Na minha lista:
Detalhes bibliográficos
Autor principal: Klátik, Jaroslav
Formato: Capítulo de Livro
Idioma:eslovaco
Assuntos:
Tags: Adicionar Tag
Sem tags, seja o primeiro a adicionar uma tag!

MARC

LEADER 00000naa$a2200000$$$4500
001 0074472
005 20231013072005.9
041 0 |a slo 
044 |a SK 
245 1 0 |a Trestnoprávna ochrana trhovej ekonomiky  |c Jaroslav Klátik 
520 |a Neoprávnené obchodovanie s devízovými hodnotami a poskytovanie devízových služieb. Nepovolená výroba liehu. Porušovanie predpisov o obehu tovaru v styku s cudzinou. Porušovanie predpisov o nakladaní s kontrolovaným tovarom a technológiami. Ohrozenie devízového hospodárstva. 
610 2 0 |a činy trestné 
610 2 0 |a hospodárstvo devízové 
610 2 0 |a ochrana právna 
610 2 0 |a devízy 
610 2 0 |a lieh 
610 2 0 |a obeh tovaru 
610 2 0 |a tovar 
610 2 0 |a technológie nové 
100 1 |a Klátik, Jaroslav